000
00404nam a2200157Ia 4500
003
LDD
008
190117s9999 xx 000 0 und d
020
_c
₹20
040
_c
LDD
041
_a
hi
100
_a
यशपाल
245
0
_a
अप्सरा का शाप
_c
यशपाल
260
_a
इलाहाबाद
_b
लोकभारती
_c
1984
300
_a
135
942
_2
ddc
_c
H
999
_c
167571
_d
167571